01676nam a2200361Ia 4500001001200000003000800012006001900020007001500039008004100054020001500095040002100110035002000131050002400151245012500175246002900300260004000329300002400369500003000393500002000423505020200443533015200645650004200797650005000839650006300889650007100952650005401023655002901077700002101106700002701127710001701154856012601171999001701297ebr10052976CaPaEBRm u cr cn|||||||||031122s2003 mdua ss 001 0 eng d z0890598967 aCaPaEBRcCaPaEBR a(OCoLC)5607289214aLB2846b.A45 2003eb04aThe almanac of American education, 2004h[electronic resource] /cedited by Deirdre A. Gaquin and Katherine A. DeBrandt.30aAmerican education, 2004 aLanham, MD :bBernan Press,cc2003. axii, 353 p. :bill. a"Premier edition"--P. xi. aIncludes index.0 apt. A. National school enrollment and educational attainment statistics -- pt. B. State education statistics -- pt. C. County education statistics -- Guide to educational resources on the Internet. aElectronic reproduction.bPalo Alto, Calif. :cebrary,d2009.nAvailable via World Wide Web.nAccess may be limited to ebrary affiliated libraries. 0aEducationzUnited StatesvStatistics. 0aEducationzUnited StatesxStatesvStatistics. 0aEducationxDemographic aspectszUnited StatesvStatistics. 0aEducationxDemographic aspectszUnited StatesxStatesvStatistics. 0aCounty school systemszUnited StatesvStatistics. 7aElectronic books.2local1 aGaquin, Deirdre.1 aDeBrandt, Katherine A.2 aebrary, Inc.40uhttp://site.ebrary.com/lib/rucke/Doc?id=10052976zAn electronic book accessible through the World Wide Web; click to view c65116d65116